[Event "Campeonato España Sub 14"]
[Site "Salobreña"]
[Date "2017.07.17"]
[Round "1"]
[White "Perez Perez, Gabriel"]
[Black "Cabello Ferrer, Raquel"]
[Result "1-0"]
[Board "11"]
[WhiteClock "n/a"]
[WhiteElo "2000"]
[WhiteCountry "ESP"]
[WhiteFideId "32089147"]
[WhiteEloChange "2"]
[BlackClock "n/a"]
[BlackElo "1518"]
[BlackCountry "ESP"]
[BlackFideId "24518549"]
[BlackEloChange "-2"]

1. d4 {[%clk 1:30:30]} d5 {[%clk 1:30:30]} 2. c4 {[%clk 1:30:30]} c6 {[%clk
1:30:30]} 3. Nf3 {[%clk 1:30:30]} Nf6 {[%clk 1:30:30]} 4. Qc2 {[%clk 1:30:30]}
Ne4 {[%clk 1:30:30]} 5. e3 {[%clk 1:30:30]} Bf5 {[%clk 1:30:30]} 6. Bd3 {[%clk
1:30:30]} Nd7 {[%clk 1:30:30]} 7. O-O {[%clk 1:30:30]} h6 {[%clk 1:30:30]} 8. Nc3
{[%clk 1:30:30]} Ndf6 {[%clk 1:30:30]} 9. Ne5 {[%clk 1:30:30]} e6 {[%clk
1:30:30]} 10. Ne2 {[%clk 1:30:30]} Nd6 {[%clk 1:30:30]} 11. c5 {[%clk 1:30:30]}
Bxd3 {[%clk 1:30:30]} 12. Qxd3 {[%clk 1:30:30]} Nf5 {[%clk 1:30:30]} 13. b4
{[%clk 1:30:30]} Nd7 {[%clk 1:30:30]} 14. f4 {[%clk 1:30:30]} Be7 {[%clk
1:30:30]} 15. b5 {[%clk 1:30:30]} Nxe5 {[%clk 1:30:30]} 16. fxe5 {[%clk 1:30:30]}
Bg5 {[%clk 1:30:30]} 17. bxc6 {[%clk 1:30:30]} bxc6 {[%clk 1:30:30]} 18. Bd2
{[%clk 1:30:30]} O-O {[%clk 1:30:30]} 19. g4 {[%clk 1:30:30]} Nh4 {[%clk
1:30:30]} 20. Ng3 {[%clk 1:30:30]} f6 {[%clk 1:30:30]} 21. exf6 {[%clk 1:30:30]}
Rxf6 {[%clk 1:30:30]} 22. Nh5 {[%clk 1:30:30]} Rf3 {[%clk 1:30:30]} 23. Qe2
{[%clk 1:30:30]} Qf8 {[%clk 1:30:30]} 24. Nf4 {[%clk 1:30:30]} Bxf4 {[%clk
1:30:30]} 25. exf4 {[%clk 1:30:30]} Rh3 {[%clk 1:30:30]} 26. Rad1 {[%clk
1:30:30]} Qf6 {[%clk 1:30:30]} 27. Be1 {[%clk 1:30:30]} Rf8 {[%clk 1:30:30]} 28.
Bg3 {[%clk 1:30:30]} h5 {[%clk 1:30:30]} 29. Rfe1 {[%clk 1:30:30]} hxg4 {[%clk
1:30:30]} 30. Qxe6+ {[%clk 1:30:30]} Qxe6 {[%clk 1:30:30]} 31. Rxe6 {[%clk
1:30:30]} Nf3+ {[%clk 1:30:30]} 32. Kg2 {[%clk 1:30:30]} Rh6 {[%clk 1:30:30]} 33.
Re3 {[%clk 1:30:30]} Rb8 {[%clk 1:30:30]} 34. Rb3 {[%clk 1:30:30]} Rxb3 {[%clk
1:30:30]} 35. axb3 {[%clk 1:30:30]} Re6 {[%clk 1:30:30]} 36. Kf2 {[%clk 1:30:30]}
Rh6 {[%clk 1:30:30]} 37. Ke3 {[%clk 1:30:30]} Nxh2 {[%clk 1:30:30]} 38. Ra1
{[%clk 1:30:30]} Nf1+ {[%clk 1:30:30]} 39. Rxf1 {[%clk 1:30:30]} Rh3 {[%clk
1:30:30]} 40. Kf2 {[%clk 1:30:30]} g6 {[%clk 1:30:30]} 41. Ra1 {[%clk 1:30:30]}
Rh7 {[%clk 1:30:30]} 42. Ra6 {[%clk 1:30:30]} Rb7 {[%clk 1:30:30]} 43. Rxc6
{[%clk 1:30:30]} Kf7 {[%clk 1:30:30]} 44. Rd6 {[%clk 1:30:30]} Rxb3 {[%clk
1:30:30]} 45. Rxd5 {[%clk 1:30:30]} Rb2+ {[%clk 1:30:30]} 46. Kf1 {[%clk
1:30:30]} Rb1+ {[%clk 1:30:30]} 47. Kg2 {[%clk 1:30:30]} Rb2+ {[%clk 1:30:30]}
48. Bf2 {[%clk 1:30:30]} a5 {[%clk 1:30:30]} 49. Rd6 {[%clk 1:30:30]} Rb4 {[%clk
1:30:30]} 50. Kg3 {[%clk 1:30:30]} Rb2 {[%clk 1:30:30]} 51. d5 {[%clk 1:30:30]}
Rc2 {[%clk 1:30:30]} 52. c6 {[%clk 1:30:30]} a4 {[%clk 1:30:30]} 1-0

[Event "Campeonato España Sub 14"]
[Site "Salobreña"]
[Date "2017.07.17"]
[Round "1"]
[White "Wang Qiu, Laura"]
[Black "Guillo Longares, Cecilia"]
[Result "0-1"]
[Board "12"]
[WhiteClock "1:30"]
[WhiteElo "1517"]
[WhiteCountry "ESP"]
[WhiteFideId "32063024"]
[WhiteEloChange "-2"]
[BlackClock "1:30"]
[BlackElo "1997"]
[BlackCountry "ESP"]
[BlackFideId "32082681"]
[BlackEloChange "2"]

1. e4 {[%clk 1:30:00]} c5 {[%clk 1:30:00]} 2. Nf3 {[%clk 1:30:00]} Nc6 {[%clk
1:31:00]} 3. d4 {[%clk 1:30:00]} cxd4 {[%clk 1:31:00]} 4. Nxd4 {[%clk 1:30:00]}
g6 {[%clk 1:32:00]} 5. c4 {[%clk 1:30:00]} Nf6 {[%clk 1:32:00]} 6. Nc3 {[%clk
1:30:00]} d6 {[%clk 1:32:00]} 7. Be2 {[%clk 1:27:00]} Nxd4 {[%clk 1:32:00]} 8.
Qxd4 {[%clk 1:27:00]} Bg7 {[%clk 1:32:00]} 9. O-O {[%clk 1:25:00]} O-O {[%clk
1:32:00]} 10. Qd1 {[%clk 1:21:00]} Bd7 {[%clk 1:30:00]} 11. Be3 {[%clk 1:20:00]}
Bc6 {[%clk 1:31:00]} 12. f3 {[%clk 1:19:00]} Nd7 {[%clk 1:31:00]} 13. Qd2 {[%clk
1:17:00]} a5 {[%clk 1:31:00]} 14. b3 {[%clk 1:14:00]} Nc5 {[%clk 1:31:00]} 15.
Rab1 {[%clk 1:10:00]} e6 {[%clk 1:30:00]} 16. Rfd1 {[%clk 1:05:00]} Be5 {[%clk
1:30:00]} 17. Bf4 {[%clk 1:04:00]} Bxf4 {[%clk 1:22:00]} 18. Qxf4 {[%clk
1:05:00]} e5 {[%clk 1:23:00]} 19. Qd2 {[%clk 1:05:00]} Qb6 {[%clk 1:23:00]} 20.
Kh1 {[%clk 1:03:00]} Rad8 {[%clk 1:17:00]} 21. Bf1 {[%clk 0:44:00]} f5 {[%clk
1:12:00]} 22. exf5 {[%clk 0:36:00]} Rxf5 {[%clk 1:12:00]} 23. Qe3 {[%clk
0:32:00]} Qc7 {[%clk 1:09:00]} 24. a3 {[%clk 0:28:00]} Rdf8 {[%clk 0:58:00]} 25.
Qd2 {[%clk 0:22:00]} e4 {[%clk 0:45:00]} 26. b4 {[%clk 0:17:02]} axb4 {[%clk
0:36:00]} 27. axb4 {[%clk 0:17:26]} e3 {[%clk 0:31:00]} 28. Qxe3 {[%clk 0:15:10]}
Rxf3 {[%clk 0:29:00]} 29. Qc1 {[%clk 0:11:27]} Rxc3 {[%clk 0:28:00]} 30. Qxc3
{[%clk 0:11:29]} Ne4 {[%clk 0:29:00]} 31. Qd4 {[%clk 0:10:36]} Nf2+ {[%clk
0:27:00]} 32. Kg1 {[%clk 0:11:03]} Nxd1 {[%clk 0:28:00]} 33. Rxd1 {[%clk
0:11:19]} Qf7 {[%clk 0:27:00]} 34. b5 {[%clk 0:08:55]} Be4 {[%clk 0:25:00]} 35.
h3 {[%clk 0:06:43]} Bc2 {[%clk 0:13:26]} 36. Rc1 {[%clk 0:06:42]} Qf5 {[%clk
0:11:27]} 37. Qxd6 {[%clk 0:06:18]} Qf2+ {[%clk 0:10:17]} 38. Kh2 {[%clk
0:06:45]} Bf5 {[%clk 0:09:04]} 39. Rd1 {[%clk 0:03:51]} Bg4 {[%clk 0:04:37]} 40.
Qd5+ {[%clk 0:02:39]} Rf7 {[%clk 0:04:36]} 41. Ra1 {[%clk 0:02:05]} Qf4+ {[%clk
0:01:54]} 42. g3 {[%clk 0:02:06]} Qf2+ {[%clk 0:01:45]} 43. Kh1 {[%clk 0:01:39]}
Bf3+ {[%clk 0:02:04]} 44. Qxf3 {[%clk 0:01:44]} Qxf3+ {[%clk 0:02:28]} 45. Bg2
{[%clk 0:01:49]} Qc3 {[%clk 0:02:29]} 46. Rd1 {[%clk 0:01:12]} Kg7 {[%clk
0:02:52]} 47. Bd5 {[%clk 0:01:23]} Rf2 {[%clk 0:02:41]} 48. Rg1 {[%clk 0:01:22]}
Qd2 {[%clk 0:02:48]} 49. Bg2 {[%clk 0:01:30]} Qc2 {[%clk 0:02:31]} 50. h4 {[%clk
0:01:06]} b6 {[%clk 0:02:49]} 51. g4 {[%clk 0:00:58]} Qxc4 {[%clk 0:02:44]} 52.
Bc6 {[%clk 0:01:03]} Qf4 {[%clk 0:03:02]} 53. Rg2 {[%clk 0:01:09]} Rf1+ {[%clk
0:03:19]} 54. Rg1 {[%clk 0:01:24]} Rxg1+ {[%clk 0:03:39]} 55. Kxg1 {[%clk
0:01:45]} Qxg4+ {[%clk 0:04:06]} 56. Kf2 {[%clk 0:02:01]} Qxh4+ {[%clk 0:04:34]}
57. Ke3 {[%clk 0:02:25]} Qe1+ {[%clk 0:04:50]} 58. Kd4 {[%clk 0:02:24]} g5 {[%clk
0:05:08]} 59. Kd5 {[%clk 0:02:45]} h5 {[%clk 0:05:10]} 60. Kd6 {[%clk 0:05:35]}
g4 {[%clk 0:05:10]} 0-1

[Event "Campeonato España Sub 14"]
[Site "Salobreña"]
[Date "2017.07.17"]
[Round "1"]
[White "Cespedes Llaverias, Llibert"]
[Black "Amador Andujar, Alfredo"]
[Result "1-0"]
[Board "13"]
[WhiteClock "1:30"]
[WhiteElo "1996"]
[WhiteCountry "ESP"]
[WhiteFideId "32065949"]
[WhiteEloChange "2"]
[BlackClock "1:30"]
[BlackElo "1514"]
[BlackCountry "ESP"]
[BlackFideId "24536199"]
[BlackEloChange "-2"]

1. e4 {[%clk 1:30:00]} c5 {[%clk 1:30:00]} 2. Nf3 {[%clk 1:31:00]} d6 {[%clk
1:31:00]} 3. Bb5+ {[%clk 1:31:00]} Nd7 {[%clk 1:31:00]} 4. O-O {[%clk 1:31:00]}
a6 {[%clk 1:25:00]} 5. Bd3 {[%clk 1:30:00]} Ngf6 {[%clk 1:14:00]} 6. Re1 {[%clk
1:14:00]} Qc7 {[%clk 1:10:00]} 7. Qe2 {[%clk 1:03:00]} b5 {[%clk 0:23:00]} 8. c4
{[%clk 0:59:00]} b4 {[%clk 0:23:00]} 9. a3 {[%clk 0:58:00]} Bb7 {[%clk 0:22:00]}
10. Bc2 {[%clk 0:56:00]} e6 {[%clk 0:19:36]} 11. d4 {[%clk 0:43:00]} Rc8 {[%clk
0:13:17]} 12. Nbd2 {[%clk 0:39:00]} a5 {[%clk 0:10:46]} 13. e5 {[%clk 0:36:00]}
Ng4 {[%clk 0:07:46]} 14. h3 {[%clk 0:27:00]} Nh6 {[%clk 0:06:56]} 15. d5 {[%clk
0:25:00]} dxe5 {[%clk 0:06:40]} 16. dxe6 {[%clk 0:25:00]} fxe6 {[%clk 0:06:52]}
17. Ba4 {[%clk 0:16:27]} Nf7 {[%clk 0:01:46]} 18. Bxd7+ {[%clk 0:05:23]} Kxd7
{[%clk 0:01:36]} 19. axb4 {[%clk 0:03:59]} axb4 {[%clk 0:01:42]} 20. Ne4 {[%clk
0:01:18]} Bd6 {[%clk 0:00:50]} 21. Nxd6 {[%clk 0:01:20]} Nxd6 {[%clk 0:00:31]}
22. Nxe5+ {[%clk 0:01:39]} Ke7 {[%clk 0:00:42]} 23. Bg5+ {[%clk 0:01:27]} Kf8
{[%clk 0:00:53]} 24. Rad1 {[%clk 0:00:40]} h6 {[%clk 0:00:43]} 25. Ng6+ {[%clk
0:00:37]} Kg8 {[%clk 0:00:54]} 26. Bf4 {[%clk 0:00:38]} Qc6 {[%clk 0:00:56]} 27.
Ne7+ {[%clk 0:00:38]} 1-0

[Event "Campeonato España Sub 14"]
[Site "Salobreña"]
[Date "2017.07.17"]
[Round "1"]
[White "Quintana Toribio, Felix"]
[Black "Ingunza Curro, Andres"]
[Result "0-1"]
[Board "14"]
[WhiteClock "1:30"]
[WhiteElo "1513"]
[WhiteCountry "ESP"]
[WhiteFideId "24507679"]
[WhiteEloChange "-2"]
[BlackClock "1:30"]
[BlackElo "1992"]
[BlackCountry "ESP"]
[BlackFideId "24526371"]
[BlackEloChange "2"]

1. d4 {[%clk 1:30:00]} Nf6 {[%clk 1:30:00]} 2. Nf3 {[%clk 1:31:00]} e6 {[%clk
1:30:00]} 3. c4 {[%clk 1:31:00]} Bb4+ {[%clk 1:31:00]} 4. Bd2 {[%clk 1:31:00]}
Qe7 {[%clk 1:31:00]} 5. Nc3 {[%clk 1:27:00]} b6 {[%clk 1:30:00]} 6. e3 {[%clk
1:24:00]} Bb7 {[%clk 1:29:00]} 7. Bd3 {[%clk 1:16:00]} Bxc3 {[%clk 1:25:00]} 8.
Bxc3 {[%clk 1:17:00]} Ne4 {[%clk 1:25:00]} 9. O-O {[%clk 1:15:00]} Nxc3 {[%clk
1:24:00]} 10. bxc3 {[%clk 1:15:00]} d6 {[%clk 1:24:00]} 11. e4 {[%clk 1:02:00]}
Nc6 {[%clk 1:17:00]} 12. Re1 {[%clk 0:50:00]} e5 {[%clk 1:16:00]} 13. c5 {[%clk
0:18:13]} dxc5 {[%clk 1:11:00]} 14. d5 {[%clk 0:18:22]} Na5 {[%clk 1:08:00]} 15.
Bb5+ {[%clk 0:13:22]} Kf8 {[%clk 1:06:00]} 16. Qd2 {[%clk 0:11:28]} h6 {[%clk
1:03:00]} 17. Rad1 {[%clk 0:10:45]} Rd8 {[%clk 1:03:00]} 18. g3 {[%clk 0:09:41]}
g6 {[%clk 1:03:00]} 19. Nh4 {[%clk 0:09:30]} Rd6 {[%clk 0:58:00]} 20. Qe2 {[%clk
0:02:13]} Kg7 {[%clk 0:56:00]} 21. c4 {[%clk 0:00:53]} Bc8 {[%clk 0:54:00]} 22.
Qe3 {[%clk 0:00:47]} a6 {[%clk 0:54:00]} 23. Bc6 {[%clk 0:00:42]} Nxc6 {[%clk
0:54:00]} 24. dxc6 {[%clk 0:01:05]} Rhd8 {[%clk 0:53:00]} 25. Rxd6 {[%clk
0:01:05]} Qxd6 {[%clk 0:54:00]} 26. f4 {[%clk 0:00:48]} Qd4 {[%clk 0:52:00]} 27.
Qxd4 {[%clk 0:00:36]} exd4 {[%clk 0:50:00]} 28. Kf2 {[%clk 0:00:49]} Be6 {[%clk
0:51:00]} 29. Rc1 {[%clk 0:00:35]} d3 {[%clk 0:50:00]} 30. Nf3 {[%clk 0:00:32]}
b5 {[%clk 0:48:00]} 31. cxb5 {[%clk 0:00:43]} axb5 {[%clk 0:48:00]} 32. a3 {[%clk
0:01:03]} c4 {[%clk 0:48:00]} 33. Ke3 {[%clk 0:00:49]} d2 {[%clk 0:48:00]} 34.
Nxd2 {[%clk 0:01:07]} Rd3+ {[%clk 0:49:00]} 35. Ke2 {[%clk 0:01:25]} Rxa3 {[%clk
0:49:00]} 0-1

[Event "Campeonato España Sub 14"]
[Site "Salobreña"]
[Date "2017.07.17"]
[Round "1"]
[White "Aledo Yanguas, David"]
[Black "Notario Poveda, Oscar"]
[Result "1-0"]
[Board "15"]
[WhiteClock "1:30"]
[WhiteElo "1992"]
[WhiteCountry "ESP"]
[WhiteFideId "22287108"]
[WhiteEloChange "2"]
[BlackClock "1:30"]
[BlackElo "1504"]
[BlackCountry "ESP"]
[BlackFideId "24529060"]
[BlackEloChange "-2"]

1. e4 {[%clk 1:30:00]} c5 {[%clk 1:30:00]} 2. c3 {[%clk 1:31:00]} d5 {[%clk
1:30:00]} 3. exd5 {[%clk 1:31:00]} Qxd5 {[%clk 1:30:00]} 4. d4 {[%clk 1:32:00]}
Nf6 {[%clk 1:29:00]} 5. Nf3 {[%clk 1:32:00]} e6 {[%clk 1:28:00]} 6. Be3 {[%clk
1:32:00]} Nc6 {[%clk 1:18:00]} 7. Be2 {[%clk 1:31:00]} Be7 {[%clk 1:15:00]} 8.
O-O {[%clk 1:32:00]} O-O {[%clk 1:13:00]} 9. dxc5 {[%clk 1:32:00]} Qxd1 {[%clk
1:11:00]} 10. Rxd1 {[%clk 1:32:00]} Nd5 {[%clk 1:11:00]} 11. Bd4 {[%clk 1:31:00]}
f6 {[%clk 1:10:00]} 12. Bc4 {[%clk 1:31:00]} Rd8 {[%clk 1:05:00]} 13. Na3 {[%clk
1:28:00]} a6 {[%clk 0:59:00]} 14. Nc2 {[%clk 1:24:00]} Na5 {[%clk 0:49:00]} 15.
Bxd5 {[%clk 1:23:00]} Rxd5 {[%clk 0:49:00]} 16. b4 {[%clk 1:22:00]} Nc4 {[%clk
0:44:00]} 17. Ne3 {[%clk 1:21:00]} Nxe3 {[%clk 0:43:00]} 18. Bxe3 {[%clk
1:21:00]} Rxd1+ {[%clk 0:43:00]} 19. Rxd1 {[%clk 1:21:00]} e5 {[%clk 0:43:00]}
20. a3 {[%clk 1:19:00]} Be6 {[%clk 0:42:00]} 21. Ne1 {[%clk 1:18:00]} Bf5 {[%clk
0:31:00]} 22. f4 {[%clk 1:17:00]} e4 {[%clk 0:17:39]} 23. Nc2 {[%clk 1:15:00]}
Be6 {[%clk 0:14:43]} 24. Nd4 {[%clk 1:15:00]} Rd8 {[%clk 0:14:38]} 25. Rd2 {[%clk
1:16:00]} Bc4 {[%clk 0:13:48]} 26. f5 {[%clk 1:09:00]} Bd3 {[%clk 0:11:43]} 27.
Ne6 {[%clk 1:06:00]} Rd7 {[%clk 0:11:39]} 28. Nf4 {[%clk 1:06:00]} Kf7 {[%clk
0:11:19]} 29. Nxd3 {[%clk 1:06:00]} exd3 {[%clk 0:11:42]} 30. Bd4 {[%clk
1:06:00]} g6 {[%clk 0:10:49]} 31. fxg6+ {[%clk 1:06:00]} hxg6 {[%clk 0:11:10]}
32. Rxd3 {[%clk 1:06:00]} f5 {[%clk 0:11:16]} 33. Rh3 {[%clk 1:06:00]} Ke6 {[%clk
0:07:32]} 34. Rh6 {[%clk 1:06:00]} Kf7 {[%clk 0:07:50]} 35. Rh7+ {[%clk 1:07:00]}
Ke6 {[%clk 0:08:13]} 36. Rg7 {[%clk 1:07:00]} g5 {[%clk 0:07:12]} 37. Rg6+ {[%clk
1:07:00]} Kf7 {[%clk 0:07:30]} 38. Rh6 {[%clk 1:06:00]} f4 {[%clk 0:06:58]} 39.
c6 {[%clk 1:05:00]} bxc6 {[%clk 0:06:30]} 40. Rxc6 {[%clk 1:04:00]} Rd6 {[%clk
0:05:55]} 41. Rc7 {[%clk 1:04:00]} Re6 {[%clk 0:04:13]} 42. Bc5 {[%clk 1:03:00]}
g4 {[%clk 0:04:24]} 43. Rxe7+ {[%clk 1:04:00]} Rxe7 {[%clk 0:04:42]} 44. Bxe7
{[%clk 1:04:00]} Kxe7 {[%clk 0:05:05]} 45. c4 {[%clk 1:04:00]} 1-0

[Event "Campeonato España Sub 14"]
[Site "Salobreña"]
[Date "2017.07.17"]
[Round "1"]
[White "Vinals del Campo, Hugo"]
[Black "Cuellar Montes, Alejandro"]
[Result "1-0"]
[Board "16"]
[WhiteClock "1:30"]
[WhiteElo "1489"]
[WhiteCountry "ESP"]
[WhiteFideId "24558052"]
[WhiteEloChange "18"]
[BlackClock "1:30"]
[BlackElo "1990"]
[BlackCountry "ESP"]
[BlackFideId "32096836"]
[BlackEloChange "-18"]

1. e4 {[%clk 1:30:00]} e5 {[%clk 1:30:00]} 2. Nf3 {[%clk 1:31:00]} Nc6 {[%clk
1:31:00]} 3. Bc4 {[%clk 1:31:00]} Bc5 {[%clk 1:31:00]} 4. c3 {[%clk 1:31:00]} Nf6
{[%clk 1:31:00]} 5. d3 {[%clk 1:31:00]} O-O {[%clk 1:31:00]} 6. h3 {[%clk
1:30:00]} h6 {[%clk 1:23:00]} 7. Bb3 {[%clk 1:29:00]} d5 {[%clk 1:22:00]} 8. Qe2
{[%clk 1:27:00]} a5 {[%clk 1:21:00]} 9. a4 {[%clk 1:26:00]} Be6 {[%clk 1:21:00]}
10. Bc2 {[%clk 1:25:00]} d4 {[%clk 1:17:00]} 11. Nbd2 {[%clk 1:21:00]} Bb6 {[%clk
1:05:00]} 12. Nf1 {[%clk 1:18:00]} Re8 {[%clk 0:52:00]} 13. g4 {[%clk 1:13:00]}
dxc3 {[%clk 0:45:00]} 14. bxc3 {[%clk 1:10:00]} Nd7 {[%clk 0:46:00]} 15. Ng3
{[%clk 1:05:00]} Nc5 {[%clk 0:38:00]} 16. g5 {[%clk 0:58:00]} Bb3 {[%clk
0:38:00]} 17. Bxb3 {[%clk 0:56:00]} Nxb3 {[%clk 0:38:00]} 18. gxh6 {[%clk
0:54:00]} Nxc1 {[%clk 0:19:49]} 19. Rxc1 {[%clk 0:54:00]} gxh6 {[%clk 0:16:32]}
20. Nf5 {[%clk 0:51:00]} Qf6 {[%clk 0:13:02]} 21. Rg1+ {[%clk 0:46:00]} Kh8
{[%clk 0:12:07]} 22. N3h4 {[%clk 0:44:00]} Rg8 {[%clk 0:10:23]} 23. Kd2 {[%clk
0:43:00]} Rg5 {[%clk 0:07:25]} 24. Nf3 {[%clk 0:40:00]} Rxf5 {[%clk 0:07:45]} 25.
exf5 {[%clk 0:39:00]} Qxf5 {[%clk 0:08:04]} 26. Rg2 {[%clk 0:33:00]} Qf4+ {[%clk
0:08:18]} 27. Kd1 {[%clk 0:32:00]} Qxa4+ {[%clk 0:07:53]} 28. Ke1 {[%clk
0:32:00]} Qf4 {[%clk 0:06:03]} 29. Rc2 {[%clk 0:31:00]} a4 {[%clk 0:03:17]} 30.
Rg4 {[%clk 0:29:00]} Qf5 {[%clk 0:00:51]} 31. Nh4 {[%clk 0:22:00]} Qh7 {[%clk
0:00:38]} 32. Qf3 {[%clk 0:22:00]} f5 {[%clk 0:00:37]} 33. Ng6+ {[%clk 0:22:00]}
Kg8 {[%clk 0:00:37]} 34. Qxf5 {[%clk 0:22:00]} Qg7 {[%clk 0:00:37]} 35. Ne7+
{[%clk 0:22:00]} Nxe7 {[%clk 0:00:37]} 36. Rxg7+ {[%clk 0:22:00]} Kxg7 {[%clk
0:00:37]} 37. Qxe5+ {[%clk 0:22:00]} Kf7 {[%clk 0:00:37]} 38. Qf4+ {[%clk
0:22:00]} Kg7 {[%clk 0:00:37]} 39. f3 {[%clk 0:22:00]} Ng6 {[%clk 0:00:37]} 40.
Rg2 {[%clk 0:22:00]} Re8+ {[%clk 0:00:46]} 41. Kd1 {[%clk 0:21:00]} Re6 {[%clk
0:00:43]} 42. Qxa4 {[%clk 0:21:00]} Rd6 {[%clk 0:00:53]} 43. Kc2 {[%clk 0:20:00]}
Rc6 {[%clk 0:00:58]} 44. Qe4 {[%clk 0:20:00]} Bc5 {[%clk 0:01:00]} 45. h4 {[%clk
0:18:07]} h5 {[%clk 0:01:00]} 46. f4 {[%clk 0:18:07]} Kf7 {[%clk 0:01:00]} 47.
Qf5+ {[%clk 0:18:07]} Kg7 {[%clk 0:01:00]} 48. Rxg6+ {[%clk 0:18:07]} Rxg6 {[%clk
0:01:00]} 49. Qxc5 {[%clk 0:18:07]} Rc6 {[%clk 0:01:00]} 50. Qxh5 {[%clk
0:18:07]} 1-0

[Event "Campeonato España Sub 14"]
[Site "Salobreña"]
[Date "2017.07.17"]
[Round "1"]
[White "Arjol Lopez, Daniel"]
[Black "Calleja Gonzalez, Unai"]
[Result "1-0"]
[Board "17"]
[WhiteClock "1:30"]
[WhiteElo "1990"]
[WhiteCountry "ESP"]
[WhiteFideId "32099398"]
[WhiteEloChange "2"]
[BlackClock "1:30"]
[BlackElo "1482"]
[BlackCountry "ESP"]
[BlackFideId "24564206"]
[BlackEloChange "-2"]

1. c4 {[%clk 1:30:00]} c6 {[%clk 1:30:00]} 2. g3 {[%clk 1:31:00]} d5 {[%clk
1:30:00]} 3. Bg2 {[%clk 1:31:00]} Nf6 {[%clk 1:30:00]} 4. Nf3 {[%clk 1:31:00]} e6
{[%clk 1:29:00]} 5. O-O {[%clk 1:32:00]} Bd6 {[%clk 1:27:00]} 6. d4 {[%clk
1:32:00]} c5 {[%clk 1:24:00]} 7. cxd5 {[%clk 1:31:00]} exd5 {[%clk 1:18:00]} 8.
Nc3 {[%clk 1:31:00]} Be6 {[%clk 1:17:00]} 9. Nb5 {[%clk 1:30:00]} cxd4 {[%clk
1:15:00]} 10. Nfxd4 {[%clk 1:29:00]} O-O {[%clk 1:10:00]} 11. Bg5 {[%clk
1:25:00]} Be7 {[%clk 1:05:00]} 12. Bf4 {[%clk 1:25:00]} Na6 {[%clk 1:03:00]} 13.
Rc1 {[%clk 1:25:00]} Qb6 {[%clk 0:56:00]} 14. Bc7 {[%clk 1:22:00]} Nxc7 {[%clk
0:55:00]} 15. Nxc7 {[%clk 1:22:00]} Rad8 {[%clk 0:51:00]} 16. Ndxe6 {[%clk
1:20:00]} fxe6 {[%clk 0:50:00]} 17. Qb3 {[%clk 1:16:00]} Qxb3 {[%clk 0:42:00]}
18. axb3 {[%clk 1:16:00]} Kf7 {[%clk 0:42:00]} 19. Bh3 {[%clk 1:17:00]} Rd6
{[%clk 0:41:00]} 20. Nb5 {[%clk 1:17:00]} Ra6 {[%clk 0:39:00]} 21. Rc3 {[%clk
1:09:00]} Ne4 {[%clk 0:36:00]} 22. Rf3+ {[%clk 1:09:00]} Kg6 {[%clk 0:34:00]} 23.
Rxf8 {[%clk 1:09:00]} Bxf8 {[%clk 0:34:00]} 24. Nc7 {[%clk 1:09:00]} Rc6 {[%clk
0:30:00]} 25. Nxe6 {[%clk 1:10:00]} Bd6 {[%clk 0:29:00]} 26. Nd4 {[%clk 1:10:00]}
Rb6 {[%clk 0:29:00]} 27. Bf5+ {[%clk 1:10:00]} Kh6 {[%clk 0:26:00]} 28. Bxe4
{[%clk 1:05:00]} dxe4 {[%clk 0:26:00]} 29. Nf5+ {[%clk 1:04:00]} Kg6 {[%clk
0:26:00]} 30. g4 {[%clk 1:04:00]} h5 {[%clk 0:23:00]} 31. Rd1 {[%clk 1:03:00]}
Be5 {[%clk 0:22:00]} 32. Rd5 {[%clk 1:02:00]} Bxb2 {[%clk 0:20:00]} 33. gxh5+
{[%clk 1:01:00]} Kxh5 {[%clk 0:18:51]} 34. Nd6+ {[%clk 0:52:00]} Kg6 {[%clk
0:18:42]} 35. Nxe4 {[%clk 0:51:00]} Rxb3 {[%clk 0:18:18]} 36. Kg2 {[%clk
0:48:00]} Bf6 {[%clk 0:17:04]} 37. Rd7 {[%clk 0:48:00]} Rb2 {[%clk 0:15:53]} 38.
Kf3 {[%clk 0:47:00]} a5 {[%clk 0:15:34]} 39. Nc5 {[%clk 0:42:00]} b5 {[%clk
0:14:49]} 40. Ra7 {[%clk 0:40:00]} a4 {[%clk 0:13:48]} 41. e3 {[%clk 0:38:00]}
Rc2 {[%clk 0:13:16]} 42. Ne4 {[%clk 0:38:00]} Rc4 {[%clk 0:12:04]} 43. Ra5 {[%clk
0:37:00]} Rb4 {[%clk 0:12:02]} 44. Nd6 {[%clk 0:36:00]} Be5 {[%clk 0:11:23]} 45.
Nxb5 {[%clk 0:36:00]} Bxh2 {[%clk 0:11:19]} 46. Nc3 {[%clk 0:36:00]} Rb3 {[%clk
0:09:00]} 47. Nxa4 {[%clk 0:35:00]} Ra3 {[%clk 0:08:59]} 48. Kg2 {[%clk 0:35:00]}
Bc7 {[%clk 0:08:48]} 49. Rc5 {[%clk 0:35:00]} Bd8 {[%clk 0:07:00]} 50. Nc3 {[%clk
0:34:00]} Be7 {[%clk 0:06:14]} 51. Rc6+ {[%clk 0:35:00]} Kf7 {[%clk 0:06:07]} 52.
Nd5 {[%clk 0:35:00]} Bh4 {[%clk 0:06:08]} 53. Rc7+ {[%clk 0:35:00]} Kg6 {[%clk
0:05:57]} 54. Nf4+ {[%clk 0:35:00]} Kh6 {[%clk 0:06:07]} 55. Rc6+ {[%clk
0:33:00]} Bf6 {[%clk 0:06:11]} 56. Kf3 {[%clk 0:34:00]} Ra5 {[%clk 0:06:15]} 57.
e4 {[%clk 0:32:00]} Ra3+ {[%clk 0:05:56]} 58. Kg4 {[%clk 0:32:00]} Ra5 {[%clk
0:06:10]} 59. Nd5 {[%clk 0:33:00]} Kg6 {[%clk 0:05:58]} 60. f4 {[%clk 0:33:00]}
Kf7 {[%clk 0:05:56]} 61. Kf5 {[%clk 0:32:00]} g6+ {[%clk 0:05:33]} 62. Kg4 {[%clk
0:32:00]} Bd8 {[%clk 0:05:46]} 63. Rd6 {[%clk 0:32:00]} Ra8 {[%clk 0:05:24]} 64.
Rd7+ {[%clk 0:33:00]} Ke6 {[%clk 0:05:26]} 65. Rg7 {[%clk 0:33:00]} Ra4 {[%clk
0:05:29]} 66. Rxg6+ {[%clk 0:33:00]} Kf7 {[%clk 0:05:44]} 67. Rd6 {[%clk
0:32:00]} Be7 {[%clk 0:05:44]} 68. Nxe7 {[%clk 0:32:00]} Kxe7 {[%clk 0:05:44]}
69. e5 {[%clk 0:32:00]} Ra8 {[%clk 0:05:44]} 70. Kf5 {[%clk 0:32:00]} Rf8+ {[%clk
0:05:44]} 71. Rf6 {[%clk 0:32:00]} Rg8 {[%clk 0:05:44]} 72. Ra6 {[%clk 0:32:00]}
Rf8+ {[%clk 0:05:44]} 73. Ke4 {[%clk 0:32:00]} 1-0

[Event "Campeonato España Sub 14"]
[Site "Salobreña"]
[Date "2017.07.17"]
[Round "1"]
[White "Ruiz Buendia, Miguel"]
[Black "Riu Lopez, Sergi"]
[Result "0-1"]
[Board "18"]
[WhiteClock "1:30"]
[WhiteElo "1476"]
[WhiteCountry "ESP"]
[WhiteFideId "24537675"]
[WhiteEloChange "-2"]
[BlackClock "1:30"]
[BlackElo "1982"]
[BlackCountry "ESP"]
[BlackFideId "32087047"]
[BlackEloChange "2"]

1. e4 {[%clk 1:30:00]} c5 {[%clk 1:30:00]} 2. Nf3 {[%clk 1:31:00]} Nc6 {[%clk
1:31:00]} 3. d4 {[%clk 1:31:00]} cxd4 {[%clk 1:31:00]} 4. Nxd4 {[%clk 1:32:00]}
g6 {[%clk 1:32:00]} 5. Nxc6 {[%clk 1:31:00]} bxc6 {[%clk 1:32:00]} 6. Bd3 {[%clk
1:29:00]} Bg7 {[%clk 1:32:00]} 7. O-O {[%clk 1:28:00]} Nf6 {[%clk 1:31:00]} 8.
Nc3 {[%clk 1:29:00]} d6 {[%clk 1:30:00]} 9. Be3 {[%clk 1:29:00]} O-O {[%clk
1:30:00]} 10. f4 {[%clk 1:28:00]} Ng4 {[%clk 1:28:00]} 11. Qe2 {[%clk 1:26:00]}
c5 {[%clk 1:28:00]} 12. f5 {[%clk 1:21:00]} Nxe3 {[%clk 1:28:00]} 13. Rfe1 {[%clk
1:19:00]} c4 {[%clk 1:28:00]} 14. Qxe3 {[%clk 1:18:00]} cxd3 {[%clk 1:28:00]} 15.
Qxd3 {[%clk 1:18:00]} Qb6+ {[%clk 1:28:00]} 16. Kh1 {[%clk 1:16:00]} Qxb2 {[%clk
1:28:00]} 17. Nd5 {[%clk 1:16:00]} Qe5 {[%clk 1:27:00]} 18. Rab1 {[%clk 1:14:00]}
a6 {[%clk 1:22:00]} 19. Rb6 {[%clk 1:14:00]} Bxf5 {[%clk 1:19:00]} 20. Rb7 {[%clk
1:12:00]} Bf6 {[%clk 1:18:00]} 21. Re3 {[%clk 1:10:00]} Qa1+ {[%clk 1:17:00]} 0-1